Une économie de subsistances : le Maroc précolonial /

محفوظ في:

المؤلف الرئيسي: Michel, Nicolas.

التنسيق: كتاب

اللغة: French

منشور في: Le Caire : Institut franc̨ais d'archéologie orientale, 1997.

سلاسل: Textes Arabes et etudes Islamiques ; 35/1-2.
TAEI ; 35/1-2.

الموضوعات:

الوسوم: إضافة وسم

لا توجد وسوم, كن أول من يضع وسما على هذه التسجيلة!

رقم الطلب: PJ7601 .C2 v.35/1-2

LEADER 01232cam a22003614a 4500
001 12490632
003 OSt
005 20240728115333.0
008 010712s1997 ua af b 001 0 fre
999 |c 59072  |d 59072 
010 |a  97960505  
020 |a 2724701941 (éd. complète) 
020 |a 272470195X (v. 1) 
020 |a 2724701968 (v. 2) 
035 |a (DLC) 97960505 
040 |c ARCE Library 
042 |a lcode  |a pcc 
043 |a f-mr--- 
050 4 |a PJ7601 .C2 v.35/1-2 
100 1 |a Michel, Nicolas. 
245 1 4 |a Une économie de subsistances :  |b le Maroc précolonial /  |c Nicolas Michel. 
246 3 0 |a Maroc précolonial. 
260 |a Le Caire :  |b Institut franc̨ais d'archéologie orientale,  |c 1997. 
300 |a 2 v. (750 p.), [4] p. of plates :  |b ill. (some col.) ;  |c 28 cm. 
490 0 |a Textes Arabes et etudes Islamiques ;   |v 35/1-2. 
490 0 |a TAEI ;   |v 35/1-2. 
504 |a Includes bibliographical references (p. [661]-698) and index. 
650 0 |a Agriculture  |x Economic aspects  |z Morocco  |x History. 
650 0 |a Rural development  |z Morocco  |x History. 
650 0 |a Cost and standard of living  |z Morocco  |x History. 
651 0 |a Morocco  |x Economic conditions. 
901 |a reviewed 
942 |2 lcc  |c BK